Quizzes
Events
Quiz Creation
Community
Videos
Private Events
Remove Ads
Sign In
Join for FREE
Feedback
Dark Mode
Quiz Categories
Sports
Geography
Music
Movies
Television
Just For Fun
Miscellaneous
History
Literature
Language
Science
Gaming
Entertainment
Religion
Holiday
For Kids
Quiz Lab
Recent
Popular Today
Quiz Kudos Today
Editor Picks
Curator Picks
Quizzes by...
Day
Popularity
Type
Ratings
Length
Year
Community
Subscriptions
Recent Discussions
Orange Saloon
Badges
Playlists
Quests
Create
Leaderboards
Showdown
Live 5
Trivia Bingo
Activity
Puzzle Library
Sporcle Events
Private Events
Virtual Trivia
Globe League
Become a Host
Pub Owners
SporcleCon
Opinionation
Our Games
Videos
Blog
Mobile Apps
Partnerships
Remove Ads and Go Orange
Feedback
Geography
Country
Landmarks
City
State
Population
World
Capital
Continent
Flags
Europe
Africa
Asia
South America
North America
Oceania
Border
Canada
United Kingdom
Topography
United States
Geography
Country
Landmarks
City
State
Population
World
Capital
Continent
Flags
Europe
Africa
Asia
South America
North America
Oceania
Border
Canada
United Kingdom
Topography
United States
Random Quiz
Search Sporcle
×
Quiz Lab
Quiz Lab
Geography
World Leaders
Type in answers that appear in a list
Type in answers that appear in a list
Classic
Best Score? Go Orange.
Countries with Monarchs Stats
Can you name the Countries that have Monarchs?
By
shroomyshroom
4m
40 Questions
586 Plays
586 Plays
586 Plays
Comments
Comments
Give Quiz Kudos
Give Quiz Kudos
-
- Ratings
hide this ad
Replay
Link that replays current quiz
Next Quiz
Link to next quiz in quiz playlist
You Got
0%
They Got
Avg Score
49%
Avg Friend Score
Upgrade to see
Score Distribution
Jump to the score distribution portion of the page
Score
0/40
Timer
04:00
0
Plays Today
Country
% Correct
United Kingdom
98.3%
Sweden
89.7%
Norway
88.9%
Spain
87.7%
Denmark
87.2%
Saudi Arabia
82.6%
The Netherlands
81.5%
Belgium
74.9%
Japan
74.2%
Jordan
71.3%
Monaco
69.4%
Luxembourg
68.4%
Thailand
66%
Oman
64.8%
Liechtenstein
63.4%
Qatar
61.7%
Bahrain
61%
Kuwait
57.1%
Brunei
53.5%
United Arab Emirates
52%
Country
% Correct
Morocco
48.4%
Swaziland
45.5%
Cambodia
44.4%
Lesotho
41.9%
Tonga
40%
Malaysia
39.7%
Bhutan
38.5%
Samoa
31.6%
Australia
27.7%
Canada
27.4%
New Zealand
24.4%
Bahamas
14.9%
Tuvalu
14.4%
Barbados
14.4%
Antigua and Barbuda
12.1%
Solomon Islands
10.8%
Papua New Guinea
10.6%
Grenada
10.6%
Saint Lucia
5.1%
Saint Kitts and Nevis
4.3%
Quiz Playlist
Details
Report
Send in Message
Add To Playlist
Classic:
Type in answers that appear in a list
Quiz Source
Last Updated: Feb 16, 2017
Quiz Scoreboard
CHALLENGE
Sign Up to Join the Scoreboard
Show All
Scores
Hide
Comments
May contain spoilers
Recently Published
Billboard Blitz: Fleetwood Mac
by CooCooCachoo
Music
15s
Presidents Visiting Landmarks
by Hejman
History
7m
An Introduction to Baseball
by treessimontrees
Sports
5m
More to Explore
Quiz From the Vault
Featured Blog Post
Where Did the Easter Bunny Come From?
hide this ad
You Might Also Like...
Tags
Country Quiz
World Leaders Quiz
monarch
Today's Top Quizzes in Geography
Browse Geography
hide this ad
Today's Top Quizzes in World Leaders
Browse World Leaders
Top Contributed Quizzes in Geography
1
Countries of the World - No Outlines Minefield
2
Top 25 Cities of France on a map
3
Any capital of a 'B' country per Continent
4
Closest Countries to UK A-Z
5
Any capital of a 'C' country per Continent
6
One Thing in Common: United Kingdom
7
Any capital of a 'D' country per Continent
8
5-to-1: US Geography No Hints
9
Any capital of an 'E' country per Continent
10
Find the Provinces of Canada - No Outlines Minefield
Explore More
Trending Topics
Disney
Anime
Harry Potter
NBA
Crossword
Marvel
Kpop
The Office
Soccer
NFL
Country
Pokémon
Song
Puzzle
WWE
hide this ad
More By:
shroomyshroom
Quiz
Plays
Rating
Category
Featured
Created
State's Largest Schools
5,112
2.49
Miscellaneous
Jul 18, 2010
Indian States and Union Territories
1,612
3.00
Geography
Mar 28, 2010
Who did they murder?
1,562
4.00
History
Jun 27, 2010
Countries that Persecute Christians
876
2.53
Geography
May 1, 2010
Countries in Native Languages
849
4.08
Geography
Apr 29, 2010
Go to Creator's Profile
Score Distribution
Quiz Creator Spotlight
shroomyshroom
Follow
Send a Message
Quizzes Created
-
Created Quiz Play Count
-
More By This Creator
Popular Quizzes Today
1
Find the US States - No Outlines Minefield
2
Find the Countries of Europe - No Outlines Minefield
3
The Countries of the World
4
Find the US States
5
US States
6
Popular People in 1961
7
Risky Map Clicking: Biggest States A-Z
8
Movies - When Are They Set?
More Geography Quizzes
USA by Unique 3-Letter Combos
Published
Trending Quizzes
Risky Map Clicking: Least Populous States A-Z
1-10 Letter G Words
1-10 Letter F Words
Risky Map Clicking: Next State Alphabetically
Risky Map Clicking: Biggest States A-Z
Recently Updated
Leaping Animals
pecheneg
Reality TV Shows (A-Z)
bhenderson79
Rickey Henderson's Hall of Fame Teammates
pecheneg
Champions League XIs: Arsenal
pecheneg
Quick Pick: Celebrities in WWE's Hall of Fame
aduchscher
A-Z Keypad Blitz II
pecheneg
Multiple Oscar Actors
pecheneg
Mystery Phrase Blitz: Oscar 'Best Actors'
pecheneg
F. Scott Fitzgerald Novels
LTH
Pick 3 Villains
ddd62291
Trending Topics
Disney
Anime
NBA
Crossword
Marvel
Kpop
Harry Potter
Soccer
Country
Puzzle
NFL
The Office
Song
Pokémon
WWE
Your Account Isn't Verified!
In order to create a playlist on Sporcle, you need to verify the email address you used during registration. Go to your
Sporcle Settings
to finish the process.
Report this User
Report this user for behavior that violates our
Community Guidelines
.
Details:
Send Report
Go to the Sporcle.com Mobile Site →
Comments